LEADER 00850nam a2200229 i 4500 001 000000073520 003 CaOOAMICUS 005 20090706000000.0 008 090706s1963 it u000 u ita u 013 $a44692 040 $aSeMil$bita 100 1 $aRosmini, Antonio,$c.$0(OLS)http://semarc/name/405 245 10$a1 /$cAntonio Rosmini. 260 $aPadova :$bCEDAM,$c1963. 300 $aXVII, 277 p. ;$c25 cm. 773 0 $aRosmini, Antonio $tAristotele esposto ed esaminato.$dPadova : CEDAM, 1963-1964.$w()21632 850 $aSeMil 852 $aSeMil$W1$xVenegono$y1$m2QA A 29$j272492$B39672$CSeMilBibl$Z2$F39676 $81 900 1 $aRosmini Serbati, Antonio. 996 $6245$a1$9(OLS)http://semarc/title/46247 996 $6260$aPadova :$bCEDAM$9(OLS)http://semarc/publisher/30274